000 00866cad a22002055a 4500
001 L154104
008 111014e2011 xxk f 000 0 eng d
035 _a(Sirsi) u154104
041 0 _aeng
110 2 _aHome Builders Federation
_94896
245 0 0 _aHome Builders Federation
_h[electronic resource]
260 _c2011
520 _aHBF is a membership organisation for the home building industry in England and Wales, which represents member interests on a national and regional level. This website includes press releases, policy activities, events, and member activity.
590 _aKA NTK
651 4 _aEngland and Wales
_y1543-
690 _aBUILT ENVIRONMENT-CONSTRUCTION MARKET
690 _aPROPERTY-RESIDENTIAL PROPERTY-DOMESTIC RESIDENTIAL PROPERTY-HOUSING
856 4 0 _uhttps://www.hbf.co.uk/
_zView the website at www.hbf.co.uk
942 _n0
999 _c120932
_d120932